000 00831cam a22002653a 4500
001 26788
003 PGUSA
005 20140828083558.0
008 081006s2008||||xxu|||||s|||||000 p eng d
040 _aPGUSA
_beng
042 _adc
050 4 _aPR
245 1 0 _aBrown William, The Power of the Harp, and Other Ballads
_h[electronic resource]
260 _bProject Gutenberg,
_c2008
505 0 _aBrown William -- The power of the harp -- The unfortunate marriage -- The wrestling-match -- The warrior.
506 _aPublic domain in the USA.
516 _aElectronic text
653 _aBallads
653 _aEnglish poetry
700 1 _aBorrow, George,
_d1803-1881
700 1 _aWise, Thomas James,
_d1859-1937
830 0 _aProject Gutenberg
_v26788
856 4 0 _uhttp://www.gutenberg.org/ebooks/26788
942 _cEB
999 _c256043
_d256043